000 00597nab#a2200193#c#4500
999 _c53658
_d53658
003 IEF
005 20191204110012.0
008 950704s1976 uuu|| #####0 b| |u
040 _aIEF
_cES-MaIEF
100 1 _aGonzalo y González, Leopoldo
_919139
245 _aAntonio Flores de Lemus (1876-1941)
_bSíntesis de su vida y de su obra
_c Leopoldo Gonzalo y González
260 _c1976
650 4 _aHOMENAJES
_945439
650 4 _aFLORES DE LEMUS, ANTONIO (1876-1941)
_944347
773 0 _tHacienda pública española
_w34570
_g42-43, p. 369-381
942 _2udc
942 _2udc